BEHOLD OUR GOD; (Record no. 7546)
[ view plain ]
| 000 -LEADER | |
|---|---|
| fixed length control field | 00420nam a22001457a 4500 |
| 005 - DATE AND TIME OF LATEST TRANSACTION | |
| control field | 20250915104142.0 |
| 008 - FIXED-LENGTH DATA ELEMENTS--GENERAL INFORMATION | |
| fixed length control field | 250915b |||||||| |||| 00| 0 eng d |
| 020 ## - INTERNATIONAL STANDARD BOOK NUMBER | |
| International Standard Book Number | 9988011483 |
| 050 ## - LIBRARY OF CONGRESS CALL NUMBER | |
| Classification number | BT130 |
| Item number | LAR |
| 100 ## - MAIN ENTRY--PERSONAL NAME | |
| Personal name | LARYEA EVANS A. |
| 245 ## - TITLE STATEMENT | |
| Title | BEHOLD OUR GOD; |
| Remainder of title | CATCHING A GLIMPSE OF THE INFINITE HIS NATURE, ESSENCE AND ATTRIBUTES |
| 260 ## - PUBLICATION, DISTRIBUTION, ETC. | |
| Place of publication, distribution, etc. | ACCRA |
| Name of publisher, distributor, etc. | PAL INTERNATIONAL |
| Date of publication, distribution, etc. | c2008 |
| 300 ## - PHYSICAL DESCRIPTION | |
| Extent | 158p |
| 942 ## - ADDED ENTRY ELEMENTS (KOHA) | |
| Source of classification or shelving scheme | Library of Congress Classification |
| Koha item type | Books |
| Suppress in OPAC | No |
| 999 ## - | |
| -- | 7546 |
| -- | 7546 |
| Withdrawn status | Lost status | Source of classification or shelving scheme | Damaged status | Not for loan | Collection | Home library | Current library | Shelving location | Date acquired | Total checkouts | Full call number | Barcode | Date last seen | Copy number | Price effective from | Koha item type |
|---|---|---|---|---|---|---|---|---|---|---|---|---|---|---|---|---|
| Library of Congress Classification | Non-fiction | Main Library (Kumasi) | Main Library (Kumasi) | General stacks | 04/21/2026 | BT130 LAR | bssk00000095 | 04/21/2026 | 2 | 04/21/2026 | Books | |||||
| Library of Congress Classification | Non-fiction | Undergraduate Library (Christ Temple) | Undergraduate Library (Christ Temple) | General stacks | 09/15/2025 | BT130 LAR | ulct00004758 | 09/15/2025 | 1 | 09/15/2025 | Books |